| 000 | 00612nam a22002177a 4500 | ||
|---|---|---|---|
| 005 | 20150729124041.0 | ||
| 008 | 140714b xxu||||| |||| 00| 0 Urdu d | ||
| 010 | _aUR-9255 | ||
| 020 | q | _c100.00 | |
| 035 | _aU-7810 | ||
| 037 | _bDBAD/Pub. | ||
| 040 |
_aDPL _bUrdu |
||
| 082 | _a ن | ||
| 100 | _aپر يم شنکر کھر ے | ||
| 245 |
_aر ا لی _cپر يم شنکر کھر ے |
||
| 246 |
_aRali _bBy Prem Shanker Kharey |
||
| 260 |
_aAlahabad _c2010 _bEducational Form |
||
| 270 |
_aC-3 Gulab Bardi,Colony _bAlahabad _e - _k - |
||
| 300 |
_a112ص _c22Cm (Hb) |
||
| 942 |
_2ddc _cUR _e _h ن _mک ھ ر |
||
| 999 |
_c95324 _d95324 |
||